LEADER 01875nam a2200337 u 4500 001 000000029908 003 CaOOAMICUS 005 20070226111953.0 008 970705s1997 it c u000 u ita u 020 $a88-343-0860-3 035 $a10766565 040 $aBAV$bita$dPUL(R) 100 1 $aPato?ka, Jan,$d1907-1977.$0(OLS)http://pul/name/24175 240 10$aPla&AGton a Europa.$0(OLS)http://pul/title/41012 245 10$aPlatone e l'Europa /$cJan Pato?ka ; prefazione e introduzione di Giovanni Reale ; traduzione di Martin Cajthaml e Giuseppe Girgenti ; con in appendice una nota biografica su Pato?ka di Martin Cajthaml e una bibliografia delle opere di Pato?ka di Ivan Chvatík. 260 $a[Milano] :$bVita e pensiero,$c[1997] 300 $a343 p. :$bant. (ritr.) ;$c22 cm 490 1 $aPubblicazioni del Centro di ricerche di metafisica.$aCollana Temi metafisici e problemi del pensiero antico ;$v55 504 $a"Bibliografia generale": p. [267]-338. 650 4$aPlatonismo$xCritica e interpretazione.$0(OLS)http://pul/subject/15796 700 1 $aReale, Giovanni,$d1931-2014.$0(OLS)http://pul/name/667 700 1 $aChvatík, Ivan.$0(OLS)http://pul/name/24177 700 1 $aGirgenti, Giuseppe.$0(OLS)http://pul/name/14005 700 1 $aCajthaml, Martin.$0(OLS)http://pul/name/24176 830 0$aPubblicazioni del Centro di ricerche di metafisica.$pCollana Temi metafisici e problemi del pensiero antico ;$v55.$0(OLS)http://pul/title/828 850 $aPUL 852 $aPUL$W1$xSL Filosofia 2$y80$mPhil A10b 55$j41354$nBK-PRI$b $qStampati altre collocazioni$B41354$CPULBib$Z2$F41354 $H $81 941 1 $a10 996 $6020$a88-343-0860-3$9(OLS)http://pul/number/37561 996 $6245$aPlatone e l'Europa$9(OLS)http://pul/title/41013 996 $6260$a[Milano] :$bVita e pensiero$9(OLS)http://pul/publisher/49109 LEADER 01225nam a2200289 a 4500 001 000000111476 003 CaOOAMICUS 005 20080506161925.0 008 080506s2008 it 001 u ita r 020 $z978-88-317-9470* 040 $aPUL$bita$dLDB 100 1 $aScola, Angelo,$carciv. emerito di Milano.$0(OLS)http://pul/name/13084 245 10$aDio ? :$bateismo della ragione e ragioni della fede /$cAngelo Scola, Paolo Flores D'Arcais. 260 $aVenezia :$bMarsilio,$c2008. 300 $a92 p. ;$c21 cm. 490 1 $aI Grilli Marsilio 504 $aBibliografia in nota. 650 4$aFede e ragione.$0(OLS)http://pul/subject/3185 700 1 $aFlores d'Arcais, Paolo,$d1944-$0(OLS)http://pul/name/40355 830 2$aI Grilli Marsilio.$0(OLS)http://pul/title/15426 850 $aPUL 852 $aPUL$W1$xSL Religione 3$y85$m210 SCOAN 1$j127784$qDDC 21$B126489$CPULBib$Z2$F126489 $H107352 $82 941 1 $a9 960 $aRagione e fede$93185 996 $6020$z978-88-317-9470*$9(OLS)http://pul/number/137953 996 $6245$aDio ? :$bateismo della ragione e ragioni della fede$9(OLS)http://pul/title/140196 996 $6260$aVenezia :$bMarsilio$9(OLS)http://pul/publisher/52932